000 00409nmm a2200157Ia 4500
008 251105s9999||||xx |||||||||||||||||und||
041 _aspa
100 _aPlum, Amy
245 0 _aMás que mí vida
264 _a[Madrid, España] :
_bLibros de Seda,
_c2015
300 _a0 páginas
490 _aRevenants
650 _aRomance
856 _uhttps://public.digitaliapublishing.com/a/88014
942 _cCF
999 _c100530
_d100530